000 01035nam a22002417a 4500
999 _c15583
_d15583
003 AR-CdUCM
008 190429b ||||| |||| 00| 0 spa d
040 _aMUNICIPALIDAD PROVINCIAL DEL CUSCO
_cBIBLIOTECA MUNICIPAL DEL CUSCO
082 _a985.614 /
_bM26 / 1962
100 _aMartínez, Héctor
_99119
245 _aLa hacienda Capana /
260 _aLima :
_bMinisterio de Trabajo y Asuntos Indígena, Plan Nacional de Integración de la Población Aborigen,
_c1962.
300 _a45 páginas ;
_bcuadros, mapas,
_c27.5 cm.
440 _aSerie monográfica / Ministerio de Trabajo y Asuntos Indígena. Plan Nacional de Integración de la Población Aborigen.
_n2
_934705
500 _aTexto mimeografiado.
505 _aContenido: La hacienda. Las estancias. Posibilidades para el establecimiento de un programa.
650 _aAgricultura
_9320
650 _aAspectos económicos
_9261
650 _aHacienda Capana (Cusco)
_934706
650 _aColonias agrícolas
_934707
942 _2ddc
_cLIBROS
945 _aachl
_d2019-04-29